| 000 | 00507nam a22001577a 4500 | ||
|---|---|---|---|
| 008 | 150306b xxu||||| |||| 00| 0 eng d | ||
| 020 | _a9780393337938 | ||
| 050 | _aQ175.C884 2009 | ||
| 100 |
_aCrease, Robert P. _913653 |
||
| 245 |
_aThe Great Equations _cbrekthroughs in science from pythagoras to heisenberg |
||
| 260 |
_aNew York _bW.W. Norton and Company _c2008 |
||
| 300 |
_a315p. _c22cm. |
||
| 650 |
_aScience _xPhilosophy _915874 |
||
| 650 |
_aScience _xHistory _915875 |
||
| 942 |
_2lcc _cMONOGRAPH |
||
| 999 |
_c122299 _d122299 |
||